000 00678nam a22002172 4500
001 0000023291
005 20151217152239.0
008 121019s xx 000 0 eng d
020 _a0255365675 :
040 _aKABU
_cKABU
245 1 4 _aThe Railways, the market and the government /
_cJohn Hibbs ...[et al.].
250 _a1st ed.
260 _aLondon :
_bIEA,
_c2006.
300 _a243 p.
650 0 _aRailroads
_xManagement
_zGreat Britain.
_@0000182670
700 1 _aHibbs, John.
_@0000182671
852 1 _9p500 KES
852 1 _9p500 KES
908 _a121019
950 _@1
999 _c9788
_d9788